[Event "Benidorm 2003 - sub2300"]
[Site "Benidorm ESP"]
[Date "2003.11.21"]
[Round "1.1"]
[White "Cardenas Valero, Joaquin"]
[Black "Gomez Benitez, David"]
[Result "0-1"]
[WhiteElo "2299"]
[BlackElo "2139"]
[PlyCount "60"]
[EventDate "2003.11.21"]
[EventType "swiss"]
[EventRounds "9"]
[EventCountry "ESP"]
[Source "lmi"]
[SourceDate "2003.11.21"]

1. e4 c5 2. Nc3 Nc6 3. f4 e6 4. Nf3 d5 5. Bb5 dxe4 6. Bxc6+ bxc6 7. Nxe4 Nf6 8.
Qe2 Nxe4 9. Qxe4 Be7 10. c4 O-O 11. b3 Bf6 12. Ne5 Qa5 13. Bb2 Bb7 14. Bc3 Qc7
15. O-O Rad8 16. Rf3 Qe7 17. Raf1 Rfe8 18. Rh3 h6 19. Rff3 a5 20. Rfg3 Kh8 21.
Rxh6+ gxh6 22. Ng6+ fxg6 23. Rxg6 Bxc3 24. Rxh6+ Kg8 25. dxc3 Qf7 26. h3 Qf5
27. Qf3 Re7 28. Qg3+ Rg7 29. Qh4 Rd1+ 30. Kh2 Kf7 0-1

[Event "Benidorm 2003 - sub2300"]
[Site "Benidorm ESP"]
[Date "2003.11.21"]
[Round "1.2"]
[White "Alvarez Escudero, Manuel"]
[Black "Yepes Martinez, Eduardo"]
[Result "0-1"]
[WhiteElo "2136"]
[BlackElo "2298"]
[PlyCount "76"]
[EventDate "2003.11.21"]
[EventType "swiss"]
[EventRounds "9"]
[EventCountry "ESP"]
[Source "lmi"]
[SourceDate "2003.11.21"]

1. e4 e6 2. d4 d5 3. exd5 exd5 4. Nf3 Bd6 5. h3 Ne7 6. Bd3 Nbc6 7. c3 Be6 8.
Ng5 Qd7 9. Nxe6 fxe6 10. Be3 e5 11. dxe5 Nxe5 12. Be2 O-O 13. Nd2 Nf5 14. Nf3
Nxe3 15. fxe3 Nxf3+ 16. Bxf3 Bg3+ 17. Kd2 c6 18. Kc2 Qe6 19. Qd4 Rae8 20. Rad1
Rf7 21. Rd2 Qxe3 22. Qxe3 Rxe3 23. Rd3 Re5 24. Rhd1 Bh4 25. b3 g6 26. Rd4 Bf2
27. R4d2 Bb6 28. Kd3 Re3+ 29. Kc2 Kg7 30. Rd3 Re5 31. a4 h5 32. b4 a6 33. b5
Rf4 34. bxc6 bxc6 35. Kb3 Re8 36. R1d2 Bc7 37. Ra2 Kh6 38. Kc2 g5 0-1

[Event "Benidorm 2003 - sub2300"]
[Site "Benidorm ESP"]
[Date "2003.11.21"]
[Round "1.3"]
[White "Buenafe Moya, Javier"]
[Black "Massa, Giovanni"]
[Result "1-0"]
[WhiteElo "2298"]
[BlackElo "2136"]
[PlyCount "67"]
[EventDate "2003.11.21"]
[EventType "swiss"]
[EventRounds "9"]
[EventCountry "ESP"]
[Source "lmi"]
[SourceDate "2003.11.21"]

1. e4 c5 2. Nc3 e6 3. g3 d5 4. exd5 exd5 5. Bg2 Nf6 6. Nge2 d4 7. Ne4 Nbd7 8.
d3 Nxe4 9. Bxe4 Nf6 10. Bg2 Bd6 11. O-O O-O 12. c3 dxc3 13. Nxc3 a6 14. d4 Bg4
15. Qd3 cxd4 16. Qxd4 Qc7 17. Nd5 Nxd5 18. Qxg4 Nf6 19. Qf3 Rab8 20. Be3 b5 21.
Rac1 Qa5 22. Bd4 Be7 23. Rfe1 Rfe8 24. Qc6 Qxa2 25. Bxf6 gxf6 26. Bh3 Kf8 27.
Bd7 Qxb2 28. Bxe8 Rxe8 29. Qe4 f5 30. Qxf5 Qf6 31. Qe4 h6 32. Rc6 Qb2 33. Rxa6
Kg7 34. Re2 1-0

[Event "Benidorm 2003 - sub2300"]
[Site "Benidorm ESP"]
[Date "2003.11.21"]
[Round "1.5"]
[White "Rouzaud, Philippe"]
[Black "Garcia Galeote, Lorenzo"]
[Result "1-0"]
[WhiteElo "2284"]
[BlackElo "2134"]
[PlyCount "133"]
[EventDate "2003.11.21"]
[EventType "swiss"]
[EventRounds "9"]
[EventCountry "ESP"]
[Source "lmi"]
[SourceDate "2003.11.21"]

1. e4 Nc6 2. Nf3 d6 3. d4 Nf6 4. Nc3 Bg4 5. d5 Nb8 6. h3 Bxf3 7. Qxf3 Nbd7 8.
Bc4 Ne5 9. Qe2 Nxc4 10. Qxc4 a6 11. O-O g6 12. Be3 Bg7 13. a4 O-O 14. Rad1 Rc8
15. Qb4 Nd7 16. Qxb7 Rb8 17. Qxa6 Rxb2 18. Nb5 Qa8 19. Qc6 Qxa4 20. Qxd7 Rxb5
21. Rb1 Rb4 22. Qxe7 Rc4 23. Rb7 Re8 24. Qg5 h6 25. Qg3 Qxc2 26. f3 Qd3 27. Bf2
h5 28. Rbb1 Rc2 29. Rbd1 Qc4 30. Qg5 Ra8 31. Rc1 Raa2 32. Rxc2 Rxc2 33. Qd8+
Kh7 34. Qe7 Rc1 35. Rxc1 Qxc1+ 36. Kh2 Be5+ 37. Bg3 Bd4 38. Qxf7+ Kh8 39. h4
Qg1+ 40. Kh3 Qh1+ 41. Bh2 Bg1 42. Qf6+ Kh7 43. Qe7+ Kh6 44. Qg5+ Kh7 45. Qg3
Bd4 46. f4 Qd1 47. Qf3 Qh1 48. Qd3 Bg1 49. Qg3 Bd4 50. f5 Be5 51. Qxg6+ Kh8 52.
Qxh5+ Kg8 53. Qe8+ Kh7 54. Qd7+ Kh8 55. Qe8+ Kh7 56. Qg6+ Kh8 57. g3 Qf1+ 58.
Kg4 Qe2+ 59. Kh3 Qf1+ 60. Kg4 Qe2+ 61. Kg5 Qxh2 62. Qe8+ Kh7 63. Qg6+ Kh8 64.
g4 Bg3 65. Qe8+ Kh7 66. Qf7+ Kh8 67. Kg6 1-0

[Event "Benidorm 2003 - sub2300"]
[Site "Benidorm ESP"]
[Date "2003.11.21"]
[Round "1.6"]
[White "Pons Servera, Cristobal"]
[Black "Renteria Becerra, Jorge Eliecer"]
[Result "0-1"]
[WhiteElo "2133"]
[BlackElo "2281"]
[PlyCount "134"]
[EventDate "2003.11.21"]
[EventType "swiss"]
[EventRounds "9"]
[EventCountry "ESP"]
[Source "lmi"]
[SourceDate "2003.11.21"]

1. Nf3 c5 2. g3 b6 3. Bg2 Bb7 4. O-O Nf6 5. c4 e6 6. Nc3 Be7 7. e3 O-O 8. d4 d6
9. d5 e5 10. Nh4 g6 11. e4 Ne8 12. Bh6 Ng7 13. Qd2 Na6 14. f4 exf4 15. Rxf4 f6
16. Raf1 Nc7 17. Bxg7 Kxg7 18. Rg4 Rf7 19. Nf5+ Kh8 20. Nxe7 Qxe7 21. Qh6 Kg8
22. e5 Qxe5 23. Re4 Qg5 24. Qxg5 fxg5 25. Rfe1 Bc8 26. Re7 Bf5 27. g4 Bxg4 28.
Rxf7 Kxf7 29. Ne4 Rd8 30. Nxg5+ Kg8 31. Nxh7 Kxh7 32. Re7+ Kh6 33. Rxc7 Rd7 34.
Rc6 Kg5 35. a4 Be2 36. Bh3 Rd8 37. Bf1 Bd1 38. Rc7 a5 39. Rc6 Kf4 40. Rxb6 Ke4
41. Ra6 Ke5 42. Rxa5 Bc2 43. Rb5 Kd4 44. b4 Bf5 45. bxc5 dxc5 46. Rb2 Ra8 47.
Rd2+ Kc3 48. Rd1 Bc2 49. Re1 Kd4 50. d6 Rd8 51. d7 Rxd7 52. Re2 Kc3 53. Re5 Kb4
54. Re6 Bf5 55. Re5 Rd2 56. h4 Rd4 57. h5 Rg4+ 58. Kf2 Rf4+ 59. Kg2 gxh5 60.
Be2 Bg4 61. Kg3 Rd4 62. Bf1 h4+ 63. Kf2 Rf4+ 64. Kg1 Bd1 65. Re3 Bb3 66. Re1
Bxc4 67. Rb1+ Bb3 0-1

[Event "Benidorm 2003 - sub2300"]
[Site "Benidorm ESP"]
[Date "2003.11.21"]
[Round "1.7"]
[White "Ferron Garcia, Carlos"]
[Black "Monmeneu Chulia, Victor"]
[Result "1-0"]
[WhiteElo "2279"]
[BlackElo "2133"]
[PlyCount "79"]
[EventDate "2003.11.21"]
[EventType "swiss"]
[EventRounds "9"]
[EventCountry "ESP"]
[Source "lmi"]
[SourceDate "2003.11.21"]

1. e4 Nc6 2. Bb5 Nd4 3. Ba4 b5 4. c3 Bb7 5. d3 f5 6. cxd4 bxa4 7. Nc3 Nf6 8. f3
e6 9. Qxa4 c5 10. Be3 Bc6 11. Qc2 Qb6 12. Nge2 Rb8 13. O-O cxd4 14. Bxd4 Qa5
15. Bf2 fxe4 16. dxe4 Bc5 17. Nd4 Bxd4 18. Bxd4 O-O 19. a3 e5 20. Bf2 Rfc8 21.
Rfd1 Ba8 22. b4 Qa6 23. Bc5 Rc6 24. b5 Rxb5 25. Nxb5 Qxb5 26. Rab1 Qxc5+ 27.
Qxc5 Rxc5 28. Rb8+ Kf7 29. Rxa8 Ra5 30. Rd3 Ke7 31. Kf2 g5 32. Rb3 g4 33. Kg3
gxf3 34. gxf3 Ra6 35. Kh4 Ne8 36. Rb5 Nc7 37. Rxe5+ Kd6 38. Rf5 Rxa3 39. Rh8
Ra2 40. Kg3 1-0

[Event "Benidorm 2003 - sub2300"]
[Site "Benidorm ESP"]
[Date "2003.11.21"]
[Round "1.8"]
[White "Iglesias Valle, Enrique Rafael"]
[Black "Van Hoolandt, Patrick"]
[Result "1-0"]
[WhiteElo "2132"]
[BlackElo "2272"]
[PlyCount "111"]
[EventDate "2003.11.21"]
[EventType "swiss"]
[EventRounds "9"]
[EventCountry "ESP"]
[Source "lmi"]
[SourceDate "2003.11.21"]

1. d4 Nf6 2. c4 e6 3. Nc3 Bb4 4. Qc2 O-O 5. Nf3 b6 6. g3 Bb7 7. Bg2 d5 8. cxd5
exd5 9. Bg5 h6 10. Bxf6 Qxf6 11. O-O Nd7 12. Qb3 Bxc3 13. bxc3 Rfe8 14. e3 c5
15. Nd2 Qe6 16. a4 Rab8 17. Qa2 Qf5 18. Rfe1 Nf6 19. a5 h5 20. Qb1 Qe6 21. axb6
axb6 22. Ra7 Bc6 23. Qd3 c4 24. Qb1 Ne4 25. Nxe4 dxe4 26. Ra6 Bd5 27. Qb5 Re7
28. Rb1 Reb7 29. Rb4 g6 30. Bf1 h4 31. Bxc4 Bxc4 32. Qxc4 Qg4 33. Ra1 Kg7 34.
d5 f5 35. Qd4+ Kh7 36. Qd1 Qg5 37. Rab1 Qe7 38. Kf1 hxg3 39. hxg3 Kg7 40. c4
Qc5 41. Rb5 Qc7 42. Qc1 Qf7 43. Kg2 g5 44. Qb2+ Kg6 45. Qd4 Qc7 46. g4 Qd7 47.
Rxb6+ Rxb6 48. Rxb6+ Rxb6 49. Qxb6+ Kg7 50. Qd4+ Kf7 51. Qe5 fxg4 52. Qxg5 Qc8
53. d6 Qxc4 54. d7 Qe2 55. d8=Q Qf3+ 56. Kg1 1-0

[Event "Benidorm 2003 - sub2300"]
[Site "Benidorm ESP"]
[Date "2003.11.21"]
[Round "1.9"]
[White "Rodriguez Cordon, Luis"]
[Black "Gimeno Martos, Roberto"]
[Result "1/2-1/2"]
[WhiteElo "2271"]
[BlackElo "2131"]
[PlyCount "183"]
[EventDate "2003.11.21"]
[EventType "swiss"]
[EventRounds "9"]
[EventCountry "ESP"]
[Source "lmi"]
[SourceDate "2003.11.21"]

1. d4 Nf6 2. c4 g6 3. Nc3 Bg7 4. e4 d6 5. Nge2 O-O 6. Ng3 e5 7. d5 a5 8. Be2 h5
9. Bg5 Qe8 10. h4 Ng4 11. f3 Nh6 12. Qd2 Kh7 13. O-O-O f6 14. Be3 Na6 15. Kb1
f5 16. exf5 gxf5 17. Bd3 Nb4 18. Nb5 Qf7 19. Bg5 Nxd3 20. Qxd3 Kh8 21. c5 Ra6
22. cxd6 cxd6 23. Rc1 Bd7 24. a4 Ng8 25. Qa3 Qg6 26. Rc7 f4+ 27. Ne4 Bf5 28.
Re1 Nf6 29. Bxf6 Rxf6 30. Re2 b6 31. Ka2 Bxe4 32. fxe4 Ra8 33. Qf3 Rb8 34. Rec2
Qg4 35. Ra7 Qxh4 36. Rcc7 Rg8 37. Rd7 Qg4 38. Nxd6 Qxf3 39. gxf3 h4 40. Nf7+
Kh7 41. Ng5+ Kh6 42. Nh3 Rg6 43. Rdc7 Rg3 44. d6 Bf6 45. Rh7+ Kg6 46. Nf2 Rxf3
47. Ng4 Kg5 48. Nxf6 Kxf6 49. Rxh4 Rd3 50. d7 f3 51. Rh5 Rg5 52. Rh3 Rg8 53.
Rh5 Rd8 54. Rf5+ Ke6 55. Rb7 R8xd7 56. Rxb6+ R7d6 57. Rb5 R3d5 58. Rxf3 Rd4 59.
Rxa5 Rxe4 60. Ra8 Re2 61. Ka3 e4 62. Rc3 Kd5 63. a5 Re1 64. Kb4 Rb1 65. b3 Kd4
66. Rac8 Ra1 67. R8c4+ Ke5 68. Re3 Rd4 69. Rh3 Rxc4+ 70. Kxc4 Rc1+ 71. Rc3 Ra1
72. b4 Kf4 73. Rh3 e3 74. Kd3 Ra3+ 75. Ke2 Ra2+ 76. Ke1 Ra1+ 77. Ke2 Ra2+ 78.
Kd3 e2 79. Rh1 Kf3 80. Re1 Kf2 81. Rxe2+ Rxe2 82. a6 Ra2 83. b5 Ra4 84. Kc3 Ke3
85. Kb3 Ra1 86. Kc4 Ke4 87. Kc5 Rc1+ 88. Kd6 Ra1 89. Kc6 Kd4 90. Kb7 Kc5 91. a7
Kxb5 92. a8=Q 1/2-1/2

[Event "Benidorm 2003 - sub2300"]
[Site "Benidorm ESP"]
[Date "2003.11.21"]
[Round "1.11"]
[White "Goormachtigh, Johan"]
[Black "Muelas Cerezuela, Jose"]
[Result "1-0"]
[WhiteElo "2266"]
[BlackElo "2128"]
[PlyCount "117"]
[EventDate "2003.11.21"]
[EventType "swiss"]
[EventRounds "9"]
[EventCountry "ESP"]
[Source "lmi"]
[SourceDate "2003.11.21"]

1. d4 e6 2. c4 Nf6 3. Nf3 Bb4+ 4. Bd2 Qe7 5. g3 O-O 6. Bg2 Bxd2+ 7. Qxd2 d6 8.
Nc3 e5 9. O-O Re8 10. e4 Bg4 11. d5 Bxf3 12. Bxf3 c5 13. a3 Na6 14. Bg2 Nc7 15.
b4 Nd7 16. Bh3 b6 17. Rab1 Reb8 18. Rb2 Nf6 19. Rfb1 cxb4 20. axb4 b5 21. c5
Nfe8 22. c6 Nf6 23. Qe3 Re8 24. Ra1 a6 25. Rba2 h6 26. Qb6 Rab8 27. Qa5 g6 28.
Bd7 Qd8 29. Bxe8 Nfxe8 30. Rf1 f5 31. f3 f4 32. Rg2 Qf6 33. Ne2 fxg3 34. hxg3
Qe7 35. Qa1 Nf6 36. Qc1 Kg7 37. g4 Rh8 38. g5 hxg5 39. Qxg5 Qf7 40. Ng3 Nce8
41. Nf5+ Kf8 42. Qxg6 Qa7+ 43. Rff2 a5 44. Nxd6 axb4 45. Nxe8 Qa1+ 46. Rf1 Qd4+
47. Rgf2 Nxe8 48. Qf5+ Ke7 49. f4 exf4 50. Qg5+ Nf6 51. Qg7+ Kd6 52. Qxh8 f3
53. Qb8+ Ke7 54. Qc7+ Kf8 55. Kh1 Qxe4 56. Rxf3 Qxd5 57. Qf4 Qh5+ 58. Qh2 Qd5
59. Qh8+ 1-0

[Event "Benidorm 2003 - sub2300"]
[Site "Benidorm ESP"]
[Date "2003.11.21"]
[Round "1.12"]
[White "Martin Blanco, Fernando"]
[Black "Varga, Mariano"]
[Result "0-1"]
[WhiteElo "2128"]
[BlackElo "2266"]
[PlyCount "100"]
[EventDate "2003.11.21"]
[EventType "swiss"]
[EventRounds "9"]
[EventCountry "ESP"]
[Source "lmi"]
[SourceDate "2003.11.21"]

1. e4 e5 2. Nf3 Nc6 3. d4 exd4 4. Nxd4 Qh4 5. Be2 Qxe4 6. Nb5 Kd8 7. O-O a6 8.
N5c3 Qd4 9. Bd3 Nf6 10. Be3 Qb4 11. a3 Qh4 12. Nd2 Ng4 13. Bf4 d6 14. Nde4 Be7
15. Be2 f5 16. Nxd6 cxd6 17. Bxd6 Bd7 18. Bg3 Qf6 19. Bxg4 fxg4 20. Re1 Re8 21.
Nd5 Qd4 22. Nxe7 Rxe7 23. Bh4 g5 24. Bxg5 Qg7 25. Qd2 Kc7 26. Bxe7 Nxe7 27.
Qf4+ Kc8 28. Rad1 Nc6 29. Rd6 b6 30. Rf6 Ra7 31. Rf7 Qxb2 32. Rf8+ Kb7 33. Qd6
Qg7 34. Rd1 Bc8 35. Qf4 Qe5 36. Qc4 Be6 37. Qd3 b5 38. Qd2 Ra8 39. Rxa8 Kxa8
40. Re1 Qd5 41. Qh6 Bf5 42. Qg7 Qd7 43. Qc3 Kb7 44. a4 b4 45. Qc5 Qd2 46. Ra1
Qxc2 47. Qd6 b3 48. Re1 b2 49. Re7+ Nxe7 50. Qxe7+ Kb6 0-1

[Event "Benidorm 2003 - sub2300"]
[Site "Benidorm ESP"]
[Date "2003.11.21"]
[Round "1.13"]
[White "Manea, Alexandru"]
[Black "Moreno de la Fuente, Jose A"]
[Result "1-0"]
[WhiteElo "2265"]
[BlackElo "2128"]
[PlyCount "62"]
[EventDate "2003.11.21"]
[EventType "swiss"]
[EventRounds "9"]
[EventCountry "ESP"]
[Source "lmi"]
[SourceDate "2003.11.21"]

1. e4 g6 2. Nc3 Bg7 3. h4 h5 4. Bc4 d6 5. d4 Nc6 6. Be3 e5 7. d5 Nce7 8. Qd2 f5
9. Bg5 Nf6 10. O-O-O a6 11. Bb3 b5 12. Bxf6 Bxf6 13. Nf3 f4 14. Ne2 a5 15. a4
Bd7 16. axb5 Bxb5 17. Nc3 a4 18. Nxb5 axb3 19. cxb3 Qb8 20. Qd3 Ra5 21. Na3 O-O
22. Rd2 Qb7 23. Rc2 Rc8 24. Kb1 Rb8 25. Nd2 Qa7 26. Ndc4 Ra6 27. Rh3 Nc8 28.
Qc3 Kf7 29. b4 Ne7 30. b5 Ra4 31. b6 Nc8 1-0

[Event "Benidorm 2003 - sub2300"]
[Site "Benidorm ESP"]
[Date "2003.11.21"]
[Round "1.14"]
[White "Vicente Torrecillas, Fran"]
[Black "Madina, Martin"]
[Result "0-1"]
[WhiteElo "2128"]
[BlackElo "2262"]
[PlyCount "130"]
[EventDate "2003.11.21"]
[EventType "swiss"]
[EventRounds "9"]
[EventCountry "ESP"]
[Source "lmi"]
[SourceDate "2003.11.21"]

1. d4 Nf6 2. c4 e6 3. Nc3 d5 4. Bg5 Be7 5. e3 O-O 6. Nf3 h6 7. Bh4 b6 8. cxd5
exd5 9. Bd3 Be6 10. O-O Nbd7 11. Re1 c5 12. h3 c4 13. Bc2 b5 14. Ne5 b4 15. Nc6
Qe8 16. Nb5 Nb6 17. Nxe7+ Qxe7 18. Qf3 a6 19. e4 dxe4 20. Bxe4 axb5 21. d5 g5
22. dxe6 Nxe4 23. Rxe4 gxh4 24. Rg4+ Kh8 25. Re1 fxe6 26. Qe3 Nd5 27. Qxh6+ Qh7
28. Rxe6 Rae8 29. Reg6 Ne7 30. Rxh4 Rf7 31. Qe3 Qxh4 32. Rh6+ Qxh6 33. Qxh6+
Kg8 34. Qg5+ Rg7 35. Qxb5 Rc8 36. Qxb4 Nd5 37. Qd6 Ne7 38. Qe6+ Kh7 39. a4 Rc6
40. Qe4+ Kg8 41. a5 Kf8 42. Qf4+ Ke8 43. Qb8+ Nc8 44. Qb5 Rgc7 45. g4 Nd6 46.
Qe5+ Re7 47. Qh8+ Kd7 48. Qa8 Re1+ 49. Kg2 Re2 50. Qa7+ Ke6 51. Qd4 Ra6 52. Kf3
Re5 53. h4 Raxa5 54. g5 Rad5 55. Qg4+ Rf5+ 56. Ke2 Rde5+ 57. Kd1 Ne4 58. Qh5
Rxf2 59. Qg6+ Kd5 60. Qg8+ Kd4 61. Qd8+ Rd5 62. Qb6+ Kd3 63. Ke1 Re2+ 64. Kf1
Rf5+ 65. Kg1 Rff2 0-1

[Event "Benidorm 2003 - sub2300"]
[Site "Benidorm ESP"]
[Date "2003.11.21"]
[Round "1.16"]
[White "Straub, Peter"]
[Black "Ballesteros Gonzalez, David"]
[Result "1/2-1/2"]
[WhiteElo "2128"]
[BlackElo "2259"]
[PlyCount "74"]
[EventDate "2003.11.21"]
[EventType "swiss"]
[EventRounds "9"]
[EventCountry "ESP"]
[Source "lmi"]
[SourceDate "2003.11.21"]

1. e4 g6 2. d4 c6 3. Nc3 Bg7 4. Nf3 d6 5. h3 Nf6 6. Be3 O-O 7. Be2 Qc7 8. O-O
Nbd7 9. Qd2 e5 10. dxe5 dxe5 11. a4 a5 12. Bc4 Nh5 13. Ne2 b6 14. Rfd1 Nhf6 15.
Nc3 Ne8 16. Bh6 Nc5 17. Qg5 Bf6 18. Qg3 Ng7 19. Ng5 Nce6 20. Nxe6 Bxe6 21. Bxe6
fxe6 22. Qg4 Qe7 23. Rd3 Rad8 24. Rad1 Rd4 25. Ne2 Rxd3 26. Rxd3 Re8 27. Be3
Qb4 28. Rb3 Qxa4 29. Bxb6 Qa1+ 30. Kh2 a4 31. Rc3 Qxb2 32. Bc5 Qb5 33. Qf3 Be7
34. Qe3 Bxc5 35. Rxc5 Qb2 36. Qc3 Rb8 37. Rxc6 Ne8 1/2-1/2

[Event "Benidorm 2003 - sub2300"]
[Site "Benidorm ESP"]
[Date "2003.11.21"]
[Round "1.18"]
[White "Martin Rodriguez, Emilio"]
[Black "Bosque Ortega, Xavier"]
[Result "1/2-1/2"]
[WhiteElo "2125"]
[BlackElo "2258"]
[PlyCount "104"]
[EventDate "2003.11.21"]
[EventType "swiss"]
[EventRounds "9"]
[EventCountry "ESP"]
[Source "lmi"]
[SourceDate "2003.11.21"]

1. d4 d5 2. c4 c6 3. Nf3 Nf6 4. Nc3 Bf5 5. cxd5 Nxd5 6. Qb3 Nxc3 7. bxc3 Qb6 8.
Ne5 Qxb3 9. axb3 f6 10. Nc4 Nd7 11. f3 e5 12. dxe5 Nxe5 13. Nxe5 fxe5 14. e4
Be6 15. b4 Bd6 16. Be3 O-O 17. Bd3 Bc7 18. Ke2 Bb6 19. Bg5 a5 20. Be7 Rfe8 21.
Bc5 Bxc5 22. bxc5 Bb3 23. Bb1 a4 24. Ba2 Bxa2 25. Rxa2 Ra5 26. Rb1 Re7 27. Kd3
Rxc5 28. Rxa4 Rd7+ 29. Kc2 b5 30. Rab4 Kf7 31. g3 Ke6 32. Re1 g5 33. Re3 Rd4
34. Kb3 Rd2 35. f4 gxf4 36. gxf4 exf4 37. Rh3 h5 38. e5 Rxe5 39. Rxf4 c5 40.
Rf8 c4+ 41. Ka3 Rd3 42. Re8+ Kf6 43. Rxd3 Rxe8 44. Rd5 Re3 45. Rxb5 Rxc3+ 46.
Kb4 Rh3 47. Kxc4 Rxh2 48. Kd3 h4 49. Ke3 Rg2 50. Kf3 Rg3+ 51. Kf4 Rg1 52. Rh5
Kg6 1/2-1/2

[Event "Benidorm 2003 - sub2300"]
[Site "Benidorm ESP"]
[Date "2003.11.21"]
[Round "1.19"]
[White "Ibanez Terradellas, Eduardo"]
[Black "Reig Pinol, Armand"]
[Result "0-1"]
[WhiteElo "2257"]
[BlackElo "2124"]
[PlyCount "112"]
[EventDate "2003.11.21"]
[EventType "swiss"]
[EventRounds "9"]
[EventCountry "ESP"]
[Source "lmi"]
[SourceDate "2003.11.21"]

1. d4 d6 2. Nf3 Bg4 3. e4 c6 4. c3 Nf6 5. Bd3 Nbd7 6. Bg5 e5 7. Nbd2 Be7 8. h3
Bh5 9. O-O h6 10. Bh4 g5 11. Bg3 g4 12. hxg4 Nxg4 13. Qb3 Qc7 14. Nh4 O-O-O 15.
Nf5 Bg5 16. Nc4 Nb6 17. Rfe1 Nxc4 18. Bxc4 Bg6 19. Nh4 Kb8 20. Nxg6 fxg6 21. f3
Nf6 22. Bf7 Nh5 23. Bh2 Bh4 24. Red1 Ng3 25. dxe5 dxe5 26. Bxg6 Rd6 27. Bf5
Rhd8 28. Bxg3 Bxg3 29. Kh1 a6 30. c4 Ka7 31. c5 Rxd1+ 32. Rxd1 Rxd1+ 33. Qxd1
Qa5 34. a3 Qxc5 35. b4 Qe3 36. Qg1 Qxg1+ 37. Kxg1 b5 38. Kf1 Bf4 39. Ke2 Bc1
40. Kd3 Bxa3 41. Kc3 c5 42. bxc5 Bxc5 43. Be6 a5 44. Kb3 Kb6 45. Bd7 Be3 46.
Kc3 Kc5 47. Be6 h5 48. Kd3 Bf4 49. Kc3 h4 50. Bd7 Bg3 51. Be6 Be1+ 52. Kd3 Kb4
53. Kc2 Ka3 54. Bd5 b4 55. Be6 a4 56. Kd1 Kb2 0-1

[Event "Benidorm 2003 - sub2300"]
[Site "Benidorm ESP"]
[Date "2003.11.21"]
[Round "1.20"]
[White "Debitsch, Rasmus"]
[Black "Roofdhooft, Marcel"]
[Result "1/2-1/2"]
[WhiteElo "2124"]
[BlackElo "2257"]
[PlyCount "36"]
[EventDate "2003.11.21"]
[EventType "swiss"]
[EventRounds "9"]
[EventCountry "ESP"]
[Source "lmi"]
[SourceDate "2003.11.21"]

1. e4 e6 2. d4 d5 3. Nd2 dxe4 4. Nxe4 Bd7 5. Nf3 Bc6 6. Bd3 Nd7 7. Qe2 Ngf6 8.
O-O Nxe4 9. Bxe4 Bxe4 10. Qxe4 c6 11. c4 Be7 12. Rd1 O-O 13. Rd3 Re8 14. Bd2
Qc7 15. Rd1 Bf6 16. Bg5 Qa5 17. Bxf6 Nxf6 18. Qe2 Rad8 1/2-1/2

[Event "Benidorm 2003 - sub2300"]
[Site "Benidorm ESP"]
[Date "2003.11.21"]
[Round "1.21"]
[White "Martin Perez, Javier"]
[Black "Milla de Marco, Carlos"]
[Result "1-0"]
[WhiteElo "2255"]
[BlackElo "2123"]
[PlyCount "79"]
[EventDate "2003.11.21"]
[EventType "swiss"]
[EventRounds "9"]
[EventCountry "ESP"]
[Source "lmi"]
[SourceDate "2003.11.21"]

1. e4 d6 2. d4 Nf6 3. Nc3 e5 4. dxe5 dxe5 5. Qxd8+ Kxd8 6. Bg5 Be6 7. O-O-O+
Nbd7 8. f4 exf4 9. Nf3 h6 10. Bxf6+ gxf6 11. Nd5 Bxd5 12. Rxd5 c6 13. Rf5 Bd6
14. Nh4 b5 15. Be2 Kc7 16. Rd1 Rae8 17. Bf3 Re6 18. Rh5 Nc5 19. Nf5 Bf8 20. Re1
Re5 21. Rh4 Ne6 22. c3 a6 23. Kc2 a5 24. Rd1 b4 25. Rd3 Rh7 26. Rd1 Rh8 27. Nd4
Bd6 28. Re1 Rh7 29. Bg4 Ng5 30. Bf5 Rg7 31. Rxh6 Ne6 32. Re2 Bc5 33. Nf3 Ng5
34. Nxe5 fxe5 35. h4 f3 36. gxf3 Nxf3 37. h5 Nh4 38. Rh7 Nxf5 39. Rxg7 Nxg7 40.
h6 1-0

[Event "Benidorm 2003 - sub2300"]
[Site "Benidorm ESP"]
[Date "2003.11.21"]
[Round "1.22"]
[White "Aymerich Rosell, Pablo"]
[Black "Lacrosse, Marc"]
[Result "0-1"]
[WhiteElo "2123"]
[BlackElo "2255"]
[PlyCount "148"]
[EventDate "2003.11.21"]
[EventType "swiss"]
[EventRounds "9"]
[EventCountry "ESP"]
[Source "lmi"]
[SourceDate "2003.11.21"]

1. d4 d5 2. c4 e6 3. Nf3 Nf6 4. cxd5 exd5 5. Nc3 Be7 6. Bg5 O-O 7. e3 Nbd7 8.
Bd3 Re8 9. O-O c6 10. Qc2 Nf8 11. Rac1 Ng6 12. Qb1 a5 13. a3 Bd6 14. b4 h6 15.
Bxf6 Qxf6 16. e4 Nf4 17. e5 Qe6 18. exd6 Qg4 19. Nh4 Qxh4 20. f3 axb4 21. axb4
Qf6 22. Kh1 Qxd6 23. b5 Qf6 24. Rfd1 Re3 25. bxc6 bxc6 26. Bf1 Qd6 27. Qb6 Rb8
28. Qa7 Re7 29. Qa5 Ne6 30. Qa2 Reb7 31. Qf2 Rb2 32. Qh4 R2b4 33. Qf2 Bd7 34.
Ne2 Rb2 35. Qe3 R8b3 36. Rc3 Rxc3 37. Nxc3 Rb3 38. Qd2 Qb4 39. Ne2 Qxd2 40.
Rxd2 Rb4 41. Kg1 Kf8 42. Kf2 Ke7 43. g3 Kd6 44. Bh3 c5 45. Bxe6 fxe6 46. dxc5+
Kxc5 47. Nf4 Kd6 48. Nh5 g5 49. Nf6 Rb8 50. Ng4 Rh8 51. Ne3 h5 52. Nc4+ Kc5 53.
Ne5 Bb5 54. Ke3 Ra8 55. Rc2+ Bc4 56. Nd7+ Kd6 57. Nf6 Ra3+ 58. Kf2 h4 59. Rd2
Kc5 60. Nh7 hxg3+ 61. hxg3 g4 62. fxg4 e5 63. g5 e4 64. Rd1 e3+ 65. Kg2 d4 66.
g6 d3 67. g7 d2 68. Ng5 Kd4 69. Nf3+ Kc3 70. Ne5 Bb3 71. Rb1 Bd5+ 72. Kg1 Kc2
73. Nf7 Bxf7 74. Rf1 d1=Q 0-1

[Event "Benidorm 2003 - sub2300"]
[Site "Benidorm ESP"]
[Date "2003.11.21"]
[Round "1.23"]
[White "Remizov, Juri"]
[Black "Vazquez Gonzalez, Francisco"]
[Result "1-0"]
[WhiteElo "2255"]
[BlackElo "2123"]
[PlyCount "71"]
[EventDate "2003.11.21"]
[EventType "swiss"]
[EventRounds "9"]
[EventCountry "ESP"]
[Source "lmi"]
[SourceDate "2003.11.21"]

1. e4 e5 2. Nf3 Nc6 3. Bc4 Nf6 4. Ng5 d5 5. exd5 b5 6. Bf1 Nxd5 7. Bxb5 Bb7 8.
Qf3 Qd7 9. Nc3 Nxc3 10. bxc3 Bc5 11. Rb1 O-O 12. Bd3 e4 13. Bxe4 Qe7 14. Qh5 h6
15. Rxb7 f5 16. Rxc7 Qxc7 17. Bd5+ Kh8 18. Qg6 Qe7+ 19. Kd1 Qxg5 20. Qxg5 hxg5
21. Bxc6 Rab8 22. d4 Bd6 23. g3 Rfc8 24. Bd5 Rxc3 25. Bxg5 Rb2 26. Bb3 Rb1+ 27.
Bc1 Ba3 28. Kd2 Rf3 29. Ke2 Rc3 30. Bxa3 Rxh1 31. d5 Rc8 32. Be7 Rc1 33. Kd2
Rb1 34. d6 Rxb3 35. axb3 Rc5 36. c4 1-0

[Event "Benidorm 2003 - sub2300"]
[Site "Benidorm ESP"]
[Date "2003.11.21"]
[Round "1.27"]
[White "Fenollar Jorda, Manuel"]
[Black "Perez Aleman, Pedro Tomas"]
[Result "1-0"]
[WhiteElo "2251"]
[BlackElo "2118"]
[PlyCount "77"]
[EventDate "2003.11.21"]
[EventType "swiss"]
[EventRounds "9"]
[EventCountry "ESP"]
[Source "lmi"]
[SourceDate "2003.11.21"]

1. e4 c5 2. Nf3 Nc6 3. Nc3 g6 4. d4 cxd4 5. Nxd4 Bg7 6. Be3 Nf6 7. Nxc6 bxc6 8.
e5 Nd5 9. Nxd5 cxd5 10. Qxd5 Rb8 11. Bc4 O-O 12. O-O Qc7 13. f4 d6 14. exd6
exd6 15. Bb3 Bxb2 16. Rad1 Ba3 17. f5 Bc5 18. Bxc5 Qxc5+ 19. Qxc5 dxc5 20. fxg6
hxg6 21. Rd5 Ba6 22. Rf4 c4 23. Bxc4 Rb4 24. Rc5 Bxc4 25. Rcxc4 Rb2 26. a4 Rd8
27. Rc7 f5 28. h4 Rd2 29. Rfc4 a5 30. R4c6 Kh8 31. Ra6 Rb8 32. Rxg6 Rd4 33. h5
Rxa4 34. c4 f4 35. Rgg7 f3 36. Rh7+ Kg8 37. Rcg7+ Kf8 38. h6 Rb1+ 39. Kh2 1-0